[Event "Almansa op 7th"]
[Site "Almansa"]
[Date "2012.08.10"]
[Round "6"]
[White "Sanchez Jerez, Emilio Miguel"]
[Black "Ferrer Sanchez, Pedro Jesus"]
[Result "1-0"]
[WhiteElo "2226"]
[BlackElo "2145"]
[PlyCount "63"]
[EventDate "2012.08.07"]
[EventType "swiss"]
[EventRounds "9"]
[EventCountry "ESP"]
[SourceTitle "CBM 149 Extra"]
[Source "ChessBase"]
[SourceDate "2012.08.24"]
[SourceVersion "1"]
[SourceVersionDate "2012.08.24"]
[SourceQuality "1"]

1. b4 d6 2. Bb2 Nd7 3. g4 e5 4. Bg2 h5 5. gxh5 Ngf6 6. c4 Nxh5 7. e3 Qg5 8. Bf3 Ndf6 9. Nc3 c6 10. b5 Bd7 11. d3 Qh4 12. h3 Be7 13. Qa4 Rc8 14. Qxa7 0-0 15. Bxc6 Bxc6 16. bxc6 Ng4 17. Ne4 Nxf2 18. Nxf2 Ng3 19. Rh2 bxc6 20. Qd7 Qg5 21. Bc1 Nf5 22. Nf3 Qh5 23. e4 Qxf3 24. Qxf5 Qg3 25. Rh1 Bh4 26. Ke2 d5 27. Be3 Rb8 28. Rhb1 dxc4 29. dxc4 Qh2 30. Qg4 Bxf2 31. Bxf2 f5 32. exf5 1-0

[Event "Andalucia-ch"]
[Site "Lucena"]
[Date "2012.04.30"]
[Round "8"]
[White "Ferrer Sanchez, Pedro Jesus"]
[Black "Urbina Perez, Juan Antonio"]
[Result "1/2-1/2"]
[WhiteElo "2161"]
[BlackElo "2216"]
[PlyCount "72"]
[EventDate "2012.04.26"]
[EventType "swiss"]
[EventRounds "9"]
[EventCountry "ESP"]
[SourceTitle "EXT 2013"]
[Source "ChessBase"]
[SourceDate "2012.11.22"]
[SourceVersion "1"]
[SourceVersionDate "2012.11.22"]
[SourceQuality "1"]

1. e4 e5 2. Bc4 Nc6 3. Nf3 Bc5 4. 0-0 Nf6 5. d3 h6 6. Nbd2 0-0 7. h3 a6 8. Bb3 Re8 9. a4 d6 10. Nc4 Be6 11. a5 d5 12. exd5 Bxd5 13. c3 e4 14. dxe4 Bxe4 15. Qxd8 Raxd8 16. Bf4 Bxf3 17. gxf3 Bd6 18. Nxd6 cxd6 19. Be3 Re5 20. Rfd1 Nxa5 21. Ba2 Nc6 22. Rd2 d5 23. Rad1 Rde8 24. f4 R5e7 25. Bxd5 Nxd5 26. Rxd5 Re4 27. Rd7 R8e7 28. R1d4 Rxd7 29. Rxd7 Re7 30. Rd4 Re6 31. Kg2 Ne7 32. Rd7 b5 33. Kf3 Nf5 34. Rd5 Ne7 35. Rd7 Nf5 36. Rd5 Ne7 1/2-1/2

[Event "Benidorm op U2300 10th"]
[Site "Benidorm"]
[Date "2011.12.10"]
[Round "10"]
[White "Vaarala, Eric"]
[Black "Ferrer Sanchez, Pedro Jesus"]
[Result "1-0"]
[WhiteElo "2226"]
[BlackElo "2156"]
[PlyCount "59"]
[EventDate "2011.12.02"]
[EventType "swiss"]
[EventRounds "10"]
[EventCountry "ESP"]
[SourceTitle "CBM 145 Extra"]
[Source "ChessBase"]
[SourceDate "2012.01.03"]
[SourceVersion "1"]
[SourceVersionDate "2012.01.03"]
[SourceQuality "1"]

1. e4 c5 2. Nf3 d6 3. d4 cxd4 4. Nxd4 Nf6 5. Nc3 a6 6. h3 e5 7. Nde2 Be7 8. g4 Be6 9. Bg2 0-0 10. Ng3 Nc6 11. Nd5 Ne8 12. Be3 Bg5 13. Bb6 Qd7 14. c3 Ne7 15. Qd3 Ng6 16. Be3 Nf4 17. Bxf4 exf4 18. Nf5 Rd8 19. h4 Bf6 20. Nxf4 Be5 21. Nd5 Bxd5 22. exd5 Nf6 23. 0-0 Nxg4 24. Bh3 h5 25. f3 g6 26. Nh6+ Kg7 27. fxg4 Qa4 28. Nxf7 Rxf7 29. Rxf7+ Kxf7 30. gxh5 1-0

[Event "Benidorm op U2300 10th"]
[Site "Benidorm"]
[Date "2011.12.07"]
[Round "7"]
[White "Ferrer Sanchez, Pedro Jesus"]
[Black "Rogac, Srdjan"]
[Result "1/2-1/2"]
[WhiteElo "2156"]
[BlackElo "2287"]
[PlyCount "75"]
[EventDate "2011.12.02"]
[EventType "swiss"]
[EventRounds "10"]
[EventCountry "ESP"]
[SourceTitle "CBM 145 Extra"]
[Source "ChessBase"]
[SourceDate "2012.01.03"]
[SourceVersion "1"]
[SourceVersionDate "2012.01.03"]
[SourceQuality "1"]

1. e4 c5 2. Nf3 Nc6 3. Bb5 g6 4. 0-0 Bg7 5. c3 Nf6 6. e5 Nd5 7. d4 cxd4 8. cxd4 0-0 9. Nc3 Nxc3 10. bxc3 d5 11. exd6 exd6 12. Bf4 a6 13. Bd3 d5 14. Qd2 Bg4 15. Ne5 Nxe5 16. Bxe5 f6 17. Bf4 Rc8 18. Rfe1 Qd7 19. h3 Bf5 20. Bxf5 Qxf5 21. Re7 Rf7 22. Rae1 Bf8 23. g4 Qxf4 24. Qxf4 Rxe7 25. Rxe7 Bxe7 26. Qf3 Rd8 27. h4 b5 28. h5 Kf7 29. Qd3 Rc8 30. a4 bxa4 31. Qxa6 Rxc3 32. Qxa4 Rc4 33. Qa8 Rxd4 34. Qh8 Rxg4+ 35. Kf1 gxh5 36. Qxh7+ Ke6 37. Qxh5 Rc4 38. Qe2+ 1/2-1/2

[Event "Benidorm op U2300 10th"]
[Site "Benidorm"]
[Date "2011.12.06"]
[Round "6"]
[White "Villuendas Valero, Adrian"]
[Black "Ferrer Sanchez, Pedro Jesus"]
[Result "1/2-1/2"]
[WhiteElo "2267"]
[BlackElo "2156"]
[PlyCount "59"]
[EventDate "2011.12.02"]
[EventType "swiss"]
[EventRounds "10"]
[EventCountry "ESP"]
[SourceTitle "CBM 145 Extra"]
[Source "ChessBase"]
[SourceDate "2012.01.03"]
[SourceVersion "1"]
[SourceVersionDate "2012.01.03"]
[SourceQuality "1"]

1. d4 Nf6 2. Bg5 d6 3. Bxf6 gxf6 4. g3 c5 5. dxc5 Qa5+ 6. Nd2 Qxc5 7. Bg2 Bg7 8. Ngf3 Nc6 9. c3 0-0 10. 0-0 Rb8 11. Ne1 Qh5 12. Nd3 Bh6 13. e4 Qxd1 14. Rfxd1 b5 15. f4 Bd7 16. Rac1 Rfc8 17. Kf2 a5 18. Nf3 Be6 19. a3 b4 20. cxb4 axb4 21. Nxb4 Nxb4 22. Rxc8+ Bxc8 23. axb4 Rxb4 24. Rd2 Bb7 25. Nd4 e6 26. Ke3 Bg7 27. Bh3 Kf8 28. Rd3 Rxb2 29. Rb3 Rxb3+ 30. Nxb3 1/2-1/2

[Event "La Roda op 37th"]
[Site "La Roda"]
[Date "2010.04.01"]
[Round "2"]
[White "Larino Nieto, David"]
[Black "Ferrer Sanchez, Pedro Jesus"]
[Result "1-0"]
[WhiteElo "2462"]
[BlackElo "2195"]
[PlyCount "75"]
[EventDate "2010.03.31"]
[EventType "swiss"]
[EventRounds "9"]
[EventCountry "ESP"]
[SourceTitle "CBM 135 Extra"]
[Source "ChessBase"]
[SourceDate "2010.05.04"]
[SourceVersion "1"]
[SourceVersionDate "2010.05.04"]
[SourceQuality "1"]

1. e4 c5 2. Nc3 Nc6 3. g3 g6 4. Bg2 Bg7 5. d3 Nf6 6. f4 d6 7. h3 0-0 8. Nf3 Rb8 9. 0-0 b5 10. g4 b4 11. Ne2 a5 12. Ng3 Nd7 13. Rb1 a4 14. b3 axb3 15. axb3 Nd4 16. Nxd4 Bxd4+ 17. Kh1 Bg7 18. g5 Bb7 19. h4 e6 20. f5 exf5 21. exf5 Bxg2+ 22. Kxg2 Re8 23. Qf3 Ne5 24. Qd5 Qd7 25. Bf4 Qb7 26. Qxb7 Rxb7 27. f6 Bf8 28. Rbe1 Ra7 29. Bxe5 dxe5 30. Ra1 Rea8 31. Rxa7 Rxa7 32. Ne4 h5 33. Kf3 Ra2 34. Rc1 Kh8 35. Nd2 e4+ 36. dxe4 Bd6 37. Nc4 Bc7 38. e5 1-0

[Event "Mancha Real"]
[Site "Mancha Real"]
[Date "1998.??.??"]
[Round "?"]
[White "Matamoros Franco, Carlos S"]
[Black "Ferrer Sanchez, Pedro Jesus"]
[Result "1-0"]
[WhiteElo "2450"]
[BlackElo "2260"]
[PlyCount "43"]
[EventDate "1998.??.??"]
[EventType "tourn"]
[EventRounds "9"]
[EventCountry "ESP"]
[EventCategory "4"]
[SourceTitle "EXT 2002"]
[Source "ChessBase"]
[SourceDate "2001.11.25"]
[SourceVersion "1"]
[SourceVersionDate "2001.11.25"]
[SourceQuality "1"]

1. d4 Nf6 2. c4 g6 3. Nc3 Bg7 4. e4 d6 5. Bd3 0-0 6. Nge2 Nbd7 7. Bc2 a6 8. 0-0 c5 9. d5 b5 10. cxb5 axb5 11. Nxb5 Ba6 12. Nec3 Ne8 13. Rb1 Nc7 14. a4 Bxb5 15. axb5 Ra5 16. Bd3 Nb6 17. Be3 Qb8 18. Qd2 Na4 19. Rfc1 Qa8 20. Nxa4 Rxa4 21. b4 Ra2 22. Qd1 1-0

[Event "Andalucia-chT"]
[Site "Torredelcampo"]
[Date "1997.11.15"]
[Round "3"]
[White "Checa, Calderon Damian"]
[Black "Ferrer Sanchez, Pedro Jesus"]
[Result "1/2-1/2"]
[WhiteElo "2215"]
[BlackElo "2265"]
[PlyCount "70"]
[EventDate "1997.11.??"]
[EventType "team"]
[EventRounds "10"]
[EventCountry "ESP"]
[SourceTitle "EXT 2000"]
[Source "ChessBase"]
[SourceDate "1999.11.16"]
[SourceVersion "1"]
[SourceVersionDate "1999.11.16"]
[SourceQuality "1"]

1. e4 c5 2. c3 e6 3. d4 d5 4. exd5 exd5 5. Be3 cxd4 6. Bxd4 Nc6 7. Nf3 Nxd4 8. Qxd4 Nf6 9. Bb5+ Bd7 10. Bxd7+ Qxd7 11. 0-0 Be7 12. Nbd2 0-0 13. Rfe1 Qc7 14. Nb3 Rfd8 15. Rad1 Bf8 16. Rd3 Rd6 17. Qh4 Ra6 18. Nc1 Qb6 19. Re2 Re8 20. Rxe8 Nxe8 21. Rd2 Nf6 22. a3 Ne4 23. Re2 Qb5 24. Nd4 Qa4 25. Re1 Qd7 26. h3 Rg6 27. Nd3 Bd6 28. Qh5 h6 29. Qf5 Qd8 30. f4 Nc5 31. Nxc5 Bxc5 32. Kh2 Rf6 33. Qe5 Kh7 34. g3 Qb6 35. b4 Bxd4 1/2-1/2

[Event "Andalucia-ch"]
[Site "Rincon de la Victoria"]
[Date "1995.??.??"]
[Round "7"]
[White "Ferrer Sanchez, Pedro Jesus"]
[Black "Canabate Carmona, Francisco"]
[Result "0-1"]
[WhiteElo "2165"]
[BlackElo "2105"]
[PlyCount "58"]
[EventDate "1995.??.??"]
[EventType "swiss"]
[EventRounds "7"]
[EventCountry "ESP"]
[SourceTitle "EXT 2000"]
[Source "ChessBase"]
[SourceDate "1999.11.16"]
[SourceVersion "1"]
[SourceVersionDate "1999.11.16"]
[SourceQuality "1"]

1. e4 c5 2. Nf3 d6 3. d4 cxd4 4. Nxd4 Nf6 5. Nc3 Nc6 6. Bc4 Qb6 7. Nb3 e6 8. 0-0 Be7 9. Be3 Qc7 10. Be2 a6 11. f4 b5 12. a3 Bb7 13. Qd2 0-0 14. Rad1 Rac8 15. Bf3 Rfe8 16. Kh1 Bf8 17. Qf2 e5 18. f5 b4 19. Nd5 Nxd5 20. exd5 Ne7 21. Be4 bxa3 22. bxa3 f6 23. a4 Qc4 24. Nd2 Qc3 25. Nf3 Rc4 26. Bd3 Rxa4 27. Bd2 Qc5 28. Qxc5 dxc5 29. c4 Nc8 0-1

[Event "Andalucia-ch"]
[Site "Rincon de la Victoria"]
[Date "1995.??.??"]
[Round "3"]
[White "Ferrer Sanchez, Pedro Jesus"]
[Black "Diez Gonzalez, Pedro Maria"]
[Result "1/2-1/2"]
[WhiteElo "2165"]
[BlackElo "2235"]
[PlyCount "71"]
[EventDate "1995.??.??"]
[EventType "swiss"]
[EventRounds "7"]
[EventCountry "ESP"]
[SourceTitle "EXT 2000"]
[Source "ChessBase"]
[SourceDate "1999.11.16"]
[SourceVersion "1"]
[SourceVersionDate "1999.11.16"]
[SourceQuality "1"]

1. e4 c5 2. Nf3 e6 3. d4 cxd4 4. Nxd4 a6 5. Nc3 Qc7 6. Be2 Nf6 7. 0-0 d6 8. f4 Nc6 9. Be3 Be7 10. Kh1 0-0 11. Qe1 Bd7 12. Qg3 g6 13. Rae1 b5 14. e5 Ne8 15. Bd3 Nxd4 16. Bxd4 Bc6 17. Ne4 Bxe4 18. Bxe4 Rc8 19. Bd3 Ng7 20. Qh3 dxe5 21. Bxe5 Bd6 22. Rf3 f6 23. Bxd6 Qxd6 24. Qh6 Nf5 25. Bxf5 exf5 26. Rd3 Rfe8 27. Red1 Qe7 28. h3 Red8 29. Rxd8+ Rxd8 30. Rxd8+ Qxd8 31. Qh4 Qd2 32. Qxf6 Qc1+ 33. Kh2 Qxf4+ 34. Kh1 Qc1+ 35. Kh2 Qxc2 36. Qe6+ 1/2-1/2